Praktické účetní případy 2015 příklady účtování na všech účtech

Saved in:
Bibliographic Details
Main Author Rubáková, Věra
Format Electronic eBook
LanguageCzech
Published Grada 2015
Edition1. elektronické vydání
Subjects
Online AccessDostupné v BOOKPORT po přihlášení pomocí eduID
ISBN978-80-247-9691-8
978-80-247-5498-7
Physical Description1 online zdroj (168 stran)

Cover

LEADER 00000nam a2200000 i 4500
001 bkp8637
003 CZ-prgp
005 20170103190445.0
006 m o d
007 cr cn
008 170103s2015 xr o 000 0 cze
020 |a 978-80-247-9691-8  |c 254 Kč  |q (online ; pdf) 
020 |a 978-80-247-5498-7  |c 305 Kč  |q (print) 
040 |a Grada  |b cze  |e rda 
100 1 |a Rubáková, Věra 
245 1 0 |a Praktické účetní případy 2015  |b příklady účtování na všech účtech  |c Věra Rubáková 
250 |a 1. elektronické vydání 
264 1 |b Grada  |c 2015 
300 |a 1 online zdroj (168 stran) 
336 |a text  |b txt  |2 rdacontent 
337 |a počítač  |b c  |2 rdamedia 
338 |a online zdroj  |b cr  |2 rdacarrier 
520 3 |a Kniha je zaměřena výhradně na praktické příklady, se kterými se účetní jednotky setkávají v praxi. Zároveň může sloužit jako doplňující pomůcka při hledání a účtování jednoduchých i složitých účetních případů, se kterými si nevíte rady a nemůžete je nalézt v jiných publikacích. 
650 0 4 |a Účetnictví 
856 4 0 |u https://www.bookport.cz/AccountSaml/SignIn/?idp=https://shibboleth.utb.cz/idp/shibboleth&returnUrl=/kniha/prakticke-ucetni-pripady-2015-2487/  |y Dostupné v BOOKPORT po přihlášení pomocí eduID